00335nam a2200121Ia 450000500170000000800410001708200130005810000170007124500210008826000430010930000130015250000480016520250701024254.0240331s9999 xx 000 0 und d bARIa891 aAriyaratne,S 0aMahinda prabanda aColombobDayawansa Jayakody & Coc1987 a480 p ., aThe Poetical Works of Ven. Tibet S. Mahinda